书目信息 |
| 题名: |
家风家训与乡风文明建设
|
|
| 作者: | 邵凤丽 著 | |
| 分册: | ||
| 出版信息: | 北京 中国社会科学出版社 2020.12 |
|
| 页数: | 11,241页 | |
| 开本: | 24cm | |
| 丛书名: | 中国社会治理智库丛书 | |
| 单 册: | ||
| 中图分类: | B823.1 , D422.62 | |
| 科图分类: | ||
| 主题词: | 家庭道德--研究--闻喜县 , 农村--社会主义精神文明建设--研究--闻喜县 | |
| 电子资源: | ||
| ISBN: | 978-7-5203-7003-5 | |
| 000 | 01503nam2 2200337 45 | |
| 001 | 012001001698 | |
| 005 | 20140821112309.0 | |
| 010 | @a978-7-5203-7003-5@dCNY89.00 | |
| 100 | @a20210119d2020 em y0chiy0110 ea | |
| 101 | 0 | @achi |
| 102 | @aCN@b110000 | |
| 105 | @aa z 000yy | |
| 106 | @ar | |
| 200 | 1 | @a家风家训与乡风文明建设@Ajia feng jia xun yu xiang feng wen ming jian she@e山西闻喜裴柏村的个案研究@f邵凤丽著 |
| 210 | @a北京@c中国社会科学出版社@d2020.12 | |
| 215 | @a11,241页@c照片,图@d24cm | |
| 225 | 2 | @a中国社会治理智库丛书@i百村社会治理调查系列 |
| 300 | @a国家社科基金重大委托项目“新中国70年社会治理研究”(批准号:18@ZH011)子课题“百村社会治理调查”阶段性成果 | |
| 300 | @a其他题名:山西闻喜裴柏村的个案研究 | |
| 330 | @a本书以山西省运城市闻喜县礼元镇裴柏村——“宰相村”为个案,探究一个村落绵延两千多年而不衰的动力所在。“宰相村”是裴氏家族的祖居地。作为地方望族,裴氏家族自秦汉魏晋兴起,历六朝而盛,至隋唐而盛极,五代以后,余芳犹存。裴氏家族历经两千多年而不衰,一个重要原因是形成了“重教守训、崇文尚武、德业并举、廉洁自律”的家训文化。春风化雨,润物无声。 | |
| 410 | 0 | @12001 @a中国社会治理智库丛书 |
| 461 | 0 | @12001 @a中国社会治理智库丛书 |
| 462 | 0 | @12001 @a百村社会治理调查系列 |
| 517 | 1 | @a山西闻喜裴柏村的个案研究 |
| 606 | 0 | @a家庭道德@x研究@y闻喜县 |
| 606 | 0 | @a农村@x社会主义精神文明建设@x研究@y闻喜县 |
| 690 | @aB823.1@v5 | |
| 690 | @aD422.62@v5 | |
| 701 | 0 | @a邵凤丽@Ashao feng li@4著 |
| 801 | @aCN@bAHXH@c20210922 | |
| 905 | @b1249209-13@dB823.1@e1762@f5 | |
| 家风家训与乡风文明建设:山西闻喜裴柏村的个案研究/邵凤丽著.-北京:中国社会科学出版社,2020.12 |
| 11,241页:照片,图;24cm.-(中国社会治理智库丛书.百村社会治理调查系列) |
| 国家社科基金重大委托项目“新中国70年社会治理研究”(批准号:18@ZH011)子课题“百村社会治理调查”阶段性成果.-其他题名:山西闻喜裴柏村的个案研究 |
| ISBN 978-7-5203-7003-5:CNY89.00 |
| 本书以山西省运城市闻喜县礼元镇裴柏村——“宰相村”为个案,探究一个村落绵延两千多年而不衰的动力所在。“宰相村”是裴氏家族的祖居地。作为地方望族,裴氏家族自秦汉魏晋兴起,历六朝而盛,至隋唐而盛极,五代以后,余芳犹存。裴氏家族历经两千多年而不衰,一个重要原因是形成了“重教守训、崇文尚武、德业并举、廉洁自律”的家训文化。春风化雨,润物无声。 |
| ● |
| 相关链接 |
|
|
|
|
正题名:家风家训与乡风文明建设
索取号:B823.1/1762
 
预约/预借
| 序号 | 登录号 | 条形码 | 馆藏地/架位号 | 状态 | 备注 |
| 1 | 1249209 | 212492097 | 第一样本阅览室/ [索取号:B823.1/1762] | 在馆 | |
| 2 | 1249210 | 212492104 | 教育系资料室/ [索取号:B823.1/1762] | 在馆 | |
| 3 | 1249211 | 212492113 | 教育系资料室/ [索取号:B823.1/1762] | 在馆 | |
| 4 | 1249212 | 212492122 | 第一借阅区/ [索取号:B823.1/1762] | 在馆 | |
| 5 | 1249213 | 212492131 | 第一借阅区/ [索取号:B823.1/1762] | 在馆 |